مكتبة جامعة عجلون الوطنية

فهرس بحث المكتبة

Normal view MARC view
  • التاودي،رشدي/محمد مصطفى زيدان

Entry Personal Name

Number of records used in: 1

001 - CONTROL NUMBER

  • control field: 17715

003 - CONTROL NUMBER IDENTIFIER

  • control field: JO-AjAnu

005 - DATE AND TIME OF LATEST TRANSACTION

  • control field: 20230606073126.0

008 - FIXED-LENGTH DATA ELEMENTS

  • fixed length control field: 230606|| aca||aabn | a|a d

040 ## - CATALOGING SOURCE

  • Original cataloging agency: JO-AjAnu
  • Transcribing agency: JO-AjAnu

100 ## - HEADING--PERSONAL NAME

  • Personal name: التاودي،رشدي/محمد مصطفى زيدان

670 ## - SOURCE DATA FOUND

  • Source citation: Work cat.: (JO-AjAnu)9100: التاودي،رشدي/محمد مصطفى زيدان, author, الاشراف والانتاجية